000 00864nam a2200265 i 4500
001 91977
003 ES-MaACL
005 20260528172346.0
007 t|
008 050311s1992 fr ||||1| fre d
020 _a2-204-04661-2
080 _a179.3
080 _a502.74:28
100 1 _aDrewermann, Eugen.
_945611
245 1 0 _aDe l'immortalité des animaux /
_cEugen Drewermann ; préface par Luise Rinser ; traduit de l'allemand par Bernard Lauret ; postface par Michel Damien.
260 _aParis :
_bLes Editions du Cerf,
_c1992.
300 _a81 p. ;
_c22 cm.
650 1 4 _aAnimales-
_xDerechos.
_99834
650 1 4 _aAnimales-
_xAspectos religiosos.
_99830
700 0 _aRinser, Luise,
_d1911-2002
_997293
700 1 _aLauret, Bernard.
_970644
700 1 _aDamien, Michel.
_942572
852 _aES-MaACL
_jL-10807
_bR.135622
999 _c91977
_d91977